| 000 | 00000nam 2200000za 4500 |
| 001 | 9.840872 |
| 003 | CaOODSP |
| 005 | 20221107151942 |
| 007 | cr ||||||||||| |
| 008 | 170802s1972 oncd ob f000 0 eng d |
| 040 | |aCaOODSP|beng |
| 043 | |an-cn--- |
| 086 | 1 |aM38-8/118E-PDF|zM38-8/118 |
| 245 | 00|aSolubility & equilibrium data for phenol-aqueous sodium salicylate-α-methyl naphthalene system |h[electronic resource] ; |band, Laboratory studies on solvent extraction of low temperature tar oils by aqueous sodium salicylate / |cP. Raj ... [et al.]. |
| 246 | 30|aLaboratory studies on solvent extraction of low temperature tar oils by aqueous sodium salicylate |
| 260 | |aOttawa : |bInformation Canada, |c1972. |
| 300 | |a2, [1] p. ; p. 252-255 : |bcharts |
| 490 | 1 |aReprint series ; |vRS 118 |
| 500 | |aCover title. |
| 500 | |a"Reprinted from the Indian Journal of Technology, 1967, vol. 5, no. 7, pp. 215-217." |
| 500 | |a"Reprinted from the Journal of Applied Chemistry, August 1970, vol. 20, no. 8, pp. 252-255." |
| 500 | |aHistorical publication digitized from print 2017 [by Natural Resources Canada]. |
| 504 | |aIncludes bibliographical references. |
| 692 | 07|2gccst|aCoal |
| 692 | 07|2gccst|aProcessing |
| 700 | 1 |aRaj, Prithvi. |
| 710 | 1 |aCanada. |bNatural Resources Canada. |
| 710 | 1 |aCanada. |bDepartment of Energy, Mines and Resources. |
| 710 | 1 |aCanada. |bMines Branch. |
| 830 | #0|aReprint series - Dept. of Energy, Mines and Resources, Mines Branch ;|vRS 118|w(CaOODSP)9.834843 |
| 856 | 40|qPDF|s1.88 MB|uhttps://publications.gc.ca/collections/collection_2017/rncan-nrcan/M38-8/M38-8-118-eng.pdf |
| 986 | |a300197 |